[Event "British Columbia-Washington m"]
[Site "Victoria CAN"]
[Date "2019.01.19"]
[Round "2.7"]
[White "Tian, Sherry"]
[Black "Vijayakumar, Advaith"]
[Result "0-1"]
[WhiteElo "2066"]
[BlackElo "1937"]
[PlyCount "142"]
[EventDate "2019.01.18"]
[EventType "team"]
[EventRounds "5"]
[EventCountry "CAN"]
[WhiteTeam "BC"]
[BlackTeam "WA"]

1. d4 Nf6 2. Nf3 g6 3. Bf4 Bg7 4. e3 O-O 5. Be2 d6 6. h3 Nbd7 7. c3 b6 8. O-O
Bb7 9. Nbd2 c5 10. Bh2 Rc8 11. a4 a6 12. Qb3 cxd4 13. exd4 Qc7 14. Rfe1 Bd5 15.
Qc2 Qb7 16. Qd3 Ra8 17. Bf1 Rfe8 18. Ng5 h6 19. Nge4 Nxe4 20. Nxe4 Nf6 21. Nd2
Bc6 22. Nc4 Qc7 23. Ne3 b5 24. axb5 axb5 25. Nc2 Nd5 26. Be2 Rxa1 27. Rxa1 Rb8
28. Bf3 Qb7 29. Re1 Ra8 30. Bxd5 Bxd5 31. Nb4 Bc4 32. Qe3 Kh7 33. Bf4 Ra7 34.
d5 Ra8 35. Qd2 Rd8 36. Qd1 Rc8 37. Re3 Rc5 38. Re1 Bxd5 39. Be3 Bxg2 40. Bxc5
dxc5 41. Nd3 Bxh3 42. Nf4 Bf5 43. Qd8 Qf3 44. Qxe7 Qxf4 45. Re3 Qg5+ 46. Qxg5
hxg5 47. Re7 Kg8 48. Rc7 Bf8 49. Rb7 Bd3 50. Rd7 Bc4 51. Kg2 b4 52. Kf3 bxc3
53. bxc3 Be6 54. Rc7 c4 55. Ra7 Bg7 56. Ra3 Kh7 57. Ke2 g4 58. Kd2 Bh6+ 59. Ke2
Bf4 60. Ra5 Kh6 61. Rc5 Bd6 62. Ra5 Bf5 63. Ke3 Bd3 64. Rd5 Bh2 65. Ra5 f5 66.
Ra2 f4+ 67. Kd4 g3 68. fxg3 fxg3 69. Ke3 Bf1 70. Ra8 g2 71. Rh8+ Kg7 0-1

[Event "British Columbia-Washington m"]
[Site "Victoria CAN"]
[Date "2019.01.19"]
[Round "2.8"]
[White "Cheng, Louis"]
[Black "Velea, Anne Marie"]
[Result "1/2-1/2"]
[WhiteElo "2127"]
[BlackElo "2052"]
[PlyCount "76"]
[EventDate "2019.01.18"]
[EventType "team"]
[EventRounds "5"]
[EventCountry "CAN"]
[WhiteTeam "BC"]
[BlackTeam "WA"]

1. e4 c5 2. Nf3 d6 3. d4 cxd4 4. Nxd4 Nf6 5. Nc3 g6 6. f3 Bg7 7. Bc4 O-O 8. Be3
Nc6 9. Nde2 Bd7 10. Ng3 Ne5 11. Bb3 b5 12. Qe2 a6 13. Qf2 Qc8 14. h4 h5 15. O-O
Nc4 16. Bg5 Re8 17. Nd1 Qc6 18. Ne3 Be6 19. c3 Nxe3 20. Qxe3 Bc4 21. Bxc4 Qxc4
22. Ne2 Rac8 23. b3 Qc7 24. Rac1 Qc5 25. Rfd1 Qxe3+ 26. Bxe3 Rc7 27. Kf2 Rec8
28. g3 Kf8 29. Rd3 Nd7 30. Nf4 Ne5 31. Rdd1 Rxc3 32. Rxc3 Rxc3 33. Rc1 Rxc1 34.
Bxc1 e6 35. Bb2 Nc6 36. Bxg7+ Kxg7 37. Nd3 Kf6 38. Ke3 Ke7 1/2-1/2

[Event "British Columbia-Washington m"]
[Site "Victoria CAN"]
[Date "2019.01.19"]
[Round "2.9"]
[White "Shubin, Daniel"]
[Black "Bremner, William"]
[Result "0-1"]
[WhiteElo "2012"]
[BlackElo "2125"]
[PlyCount "98"]
[EventDate "2019.01.18"]
[EventType "team"]
[EventRounds "5"]
[EventCountry "CAN"]
[WhiteTeam "WA"]
[BlackTeam "BC"]

1. e4 c6 2. d4 d5 3. Nc3 dxe4 4. Nxe4 Bf5 5. Ng3 Bg6 6. h4 h6 7. h5 Bh7 8. Nf3
Nd7 9. Bd3 Bxd3 10. Qxd3 e6 11. Bf4 Qa5+ 12. Bd2 Bb4 13. a3 Bxd2+ 14. Nxd2 Ngf6
15. O-O-O O-O 16. Qf3 Rfd8 17. Nge4 Qd5 18. c3 a5 19. g4 Nxe4 20. Qxe4 b5 21.
Qe3 Nb6 22. Rdg1 Rac8 23. g5 hxg5 24. h6 g6 25. Ne4 Kh8 26. Rxg5 Qa2 27. Qf3 f5
28. Rxg6 Na4 29. Qg3 Qxb2+ 30. Kd1 Qb1+ 31. Kd2 Qxe4 32. Rxe6 Rg8 33. Qd6 Qd5
34. Qe7 Qd8 35. h7 Rg7 36. Qxd8+ Rxd8 37. Rxc6 Rxh7 38. Rxh7+ Kxh7 39. Ke3 Kg7
40. Kf4 Rd5 41. Kg5 Kf7 42. Ra6 Nxc3 43. Rxa5 Rxd4 44. Kxf5 Ra4 45. Rxa4 bxa4
46. Ke5 Nb1 47. Kd4 Nxa3 48. Kc3 Nb5+ 49. Kb4 a3 0-1

[Event "British Columbia-Washington m"]
[Site "Victoria CAN"]
[Date "2019.01.19"]
[Round "2.10"]
[White "Lehingrat, Callum"]
[Black "Seshadri, Sridhar"]
[Result "1-0"]
[WhiteElo "2067"]
[BlackElo "1724"]
[PlyCount "123"]
[EventDate "2019.01.18"]
[EventType "team"]
[EventRounds "5"]
[EventCountry "CAN"]
[WhiteTeam "BC"]
[BlackTeam "WA"]

1. d4 d5 2. c4 c6 3. Nf3 Nf6 4. Qc2 h6 5. g3 Bg4 6. Bg2 e6 7. Nbd2 Nbd7 8. O-O
Bf5 9. Qb3 Rb8 10. Ne5 Bd6 11. Ndf3 O-O 12. Bf4 Ne4 13. Nh4 Bxe5 14. dxe5 Bh7
15. Nf3 g5 16. Be3 c5 17. cxd5 exd5 18. Qxd5 Qe7 19. Rfd1 Nb6 20. Qb3 c4 21.
Qb5 Rbc8 22. Bxb6 axb6 23. Qxb6 c3 24. bxc3 Rc6 25. Qb4 Qc7 26. Nd2 Rb6 27. Qc4
Rc6 28. Qb4 Rb6 29. Qa5 Nxc3 30. Re1 Nxe2+ 31. Kh1 Bd3 32. Ne4 Qc4 33. Qxb6
Bxe4 34. Qb3 Bxg2+ 35. Kxg2 Qc6+ 36. Qf3 Qxf3+ 37. Kxf3 Nd4+ 38. Ke4 Nc2 39.
Rac1 Nxe1 40. Rxe1 Rd8 41. Re2 Kg7 42. Rb2 Rd7 43. f4 b5 44. Rxb5 Rd2 45. a4
Rxh2 46. fxg5 hxg5 47. Kf5 Kh6 48. Rb6+ Kg7 49. Kxg5 Ra2 50. Ra6 Ra3 51. Kf4
Ra1 52. a5 Rf1+ 53. Ke3 Re1+ 54. Kd4 Rd1+ 55. Kc5 Re1 56. Kd6 Rd1+ 57. Ke7 Rd5
58. e6 f5 59. Ra8 Rd3 60. Ra7 Rxg3 61. Kd8+ Kf6 62. e7 1-0

[Event "British Columbia-Washington m"]
[Site "Victoria CAN"]
[Date "2019.01.19"]
[Round "3.1"]
[White "Sinanan, Joshua"]
[Black "MacKinnon, Keith"]
[Result "1-0"]
[WhiteElo "2283"]
[BlackElo "2279"]
[PlyCount "55"]
[EventDate "2019.01.18"]
[EventType "team"]
[EventRounds "5"]
[EventCountry "CAN"]
[WhiteTeam "WA"]
[BlackTeam "BC"]

1. Nf3 Nf6 2. g3 b5 3. Bg2 Bb7 4. d3 d5 5. Nbd2 d4 6. c3 c5 7. O-O dxc3 8. bxc3
a6 9. a4 e6 10. Qb3 b4 11. a5 Be7 12. Nc4 O-O 13. Bd2 Nc6 14. Rfb1 Ra7 15. cxb4
Nxb4 16. Rc1 Nfd5 17. Rab1 Nc6 18. Qa4 Qd7 19. Nb6 Qd6 20. Nxd5 exd5 21. Be3 d4
22. Bf4 Qe6 23. Ng5 Bxg5 24. Bxg5 Nxa5 25. Qxa5 Bxg2 26. Qxc5 Ba8 27. Qxa7 Qd5
28. f3 1-0

[Event "British Columbia-Washington m"]
[Site "Victoria CAN"]
[Date "2019.01.19"]
[Round "3.2"]
[White "Sohal, Tanraj"]
[Black "Collyer, Curt"]
[Result "1/2-1/2"]
[WhiteElo "2387"]
[BlackElo "2294"]
[PlyCount "71"]
[EventDate "2019.01.18"]
[EventType "team"]
[EventRounds "5"]
[EventCountry "CAN"]
[WhiteTeam "BC"]
[BlackTeam "WA"]

1. e4 d6 2. d4 Nf6 3. Bd3 e5 4. d5 Be7 5. c4 c6 6. Nc3 Na6 7. Nge2 Nc5 8. Bc2
a5 9. O-O O-O 10. f3 a4 11. Be3 Qa5 12. Kh1 cxd5 13. cxd5 Bd7 14. a3 Rfc8 15.
Qd2 Be8 16. Nc1 Nfd7 17. N1a2 Nb6 18. Qe2 Qa6 19. Qf2 Nc4 20. Nb4 Qa7 21. Bc1
Nb3 22. Qxa7 Rxa7 23. Bxb3 axb3 24. Nd1 Bd8 25. Ne3 Bb6 26. Nxc4 Rxc4 27. Bd2
Bd4 28. Rab1 Ra8 29. Rfe1 Rac8 30. Be3 Bxe3 31. Rxe3 Rc1+ 32. Re1 Rxb1 33. Rxb1
Bb5 34. Kg1 g6 35. Kf2 f5 36. g3 1/2-1/2

[Event "British Columbia-Washington m"]
[Site "Victoria CAN"]
[Date "2019.01.19"]
[Round "3.3"]
[White "Wu, Howard"]
[Black "Vijayakumar, Advaith"]
[Result "1/2-1/2"]
[WhiteElo "2176"]
[BlackElo "1937"]
[PlyCount "116"]
[EventDate "2019.01.18"]
[EventType "team"]
[EventRounds "5"]
[EventCountry "CAN"]
[WhiteTeam "BC"]
[BlackTeam "WA"]

1. Nf3 Nf6 2. g3 g6 3. Bg2 Bg7 4. O-O O-O 5. c4 d6 6. Nc3 e5 7. d3 Nc6 8. Bd2
h6 9. Rb1 Be6 10. b4 Ne7 11. Ne1 c6 12. b5 Qc7 13. Qa4 d5 14. bxc6 bxc6 15.
cxd5 cxd5 16. Nf3 Nc6 17. Nb5 Qd7 18. Rfc1 Rfc8 19. Qa6 Rab8 20. Na3 Rxb1 21.
Rxb1 Rb8 22. Rxb8+ Nxb8 23. Qb5 Qxb5 24. Nxb5 Nc6 25. Nc7 e4 26. Ne1 Bc8 27.
Bc3 d4 28. Bd2 Bf5 29. Nb5 Bf8 30. h3 Bb4 31. Bxb4 Nxb4 32. dxe4 Bxe4 33. Bxe4
Nxe4 34. a3 Nc6 35. Nc2 Ng5 36. Ncxd4 Nxd4 37. Nxd4 Nxh3+ 38. Kg2 Ng5 39. Nc6
a6 40. Nb4 a5 41. Nc6 a4 42. Ne7+ Kf8 43. Nd5 Ne4 44. f3 Nd6 45. Nb6 Nb5 46.
Nxa4 Nxa3 47. e4 Ke7 48. f4 Kd6 49. Nc3 Nc4 50. Kf3 g5 51. Kg4 gxf4 52. gxf4
Ke6 53. Ne2 f5+ 54. exf5+ Kf6 55. Ng3 Ne3+ 56. Kh5 Nxf5 57. Ne4+ Kf7 58. Nf2
Ng3+ 1/2-1/2

[Event "British Columbia-Washington m"]
[Site "Victoria CAN"]
[Date "2019.01.19"]
[Round "3.4"]
[White "Velea, Stephanie"]
[Black "Mohammed Qanee, Arpak Worya"]
[Result "0-1"]
[WhiteElo "1710"]
[BlackElo "2218"]
[PlyCount "112"]
[EventDate "2019.01.18"]
[EventType "team"]
[EventRounds "5"]
[EventCountry "CAN"]
[WhiteTeam "WA"]
[BlackTeam "BC"]

1. e4 c5 2. Nf3 Nc6 3. Bb5 g6 4. Bxc6 bxc6 5. d4 Bg7 6. dxc5 Qa5+ 7. Bd2 Qxc5
8. Bc3 Bxc3+ 9. Nxc3 d6 10. O-O Nf6 11. Re1 O-O 12. h3 e5 13. Qd2 Kg7 14. Na4
Qc4 15. b3 Qe6 16. Rad1 Ne8 17. Nb2 Qf6 18. Nc4 Bxh3 19. Nh2 Be6 20. Nxd6 Qe7
21. Qc3 f6 22. Qxc6 Nxd6 23. Qxd6 Kf7 24. Qd2 Qa3 25. c4 a5 26. Rb1 Rfd8 27.
Qc2 g5 28. Nf1 h5 29. Ne3 Qc5 30. Red1 g4 31. Qe2 Rg8 32. Nd5 h4 33. Qe3 Qxe3
34. fxe3 g3 35. Rf1 Rg6 36. c5 Rc8 37. Rbc1 h3 38. Rf3 h2+ 39. Kh1 Bxd5 40.
exd5 Ke7 41. e4 Kd7 42. Rcc3 Rcg8 43. a3 Rg4 44. Rce3 Ke7 45. Rf1 Rf4 46. Rxf4
exf4 47. Rf3 Rb8 48. Rc3 Kd7 49. Rf3 Rb5 50. c6+ Ke7 51. Rd3 Rc5 52. d6+ Ke8
53. Rd1 Rxc6 54. b4 axb4 55. axb4 Kd7 56. b5 Rxd6 0-1

[Event "British Columbia-Washington m"]
[Site "Victoria CAN"]
[Date "2019.01.19"]
[Round "3.6"]
[White "Abramson, Dan"]
[Black "Blaha, Jiri"]
[Result "0-1"]
[WhiteElo "2151"]
[BlackElo "2154"]
[PlyCount "60"]
[EventDate "2019.01.18"]
[EventType "team"]
[EventRounds "5"]
[EventCountry "CAN"]
[WhiteTeam "WA"]
[BlackTeam "BC"]

1. c4 c5 2. Nc3 Nc6 3. Nf3 g6 4. e3 Bg7 5. d4 d6 6. Be2 Nh6 7. d5 Ne5 8. Nxe5
dxe5 9. e4 O-O 10. Be3 b6 11. g4 f5 12. gxf5 gxf5 13. Bg5 Nf7 14. Bh4 Kh8 15.
f3 f4 16. Qd3 Nd6 17. O-O-O Bf6 18. Bxf6+ exf6 19. h4 Bd7 20. Rdg1 Rg8 21. Qd1
Qe7 22. Qe1 Qf7 23. Nb5 Bxb5 24. cxb5 Qh5 25. Rg4 Rxg4 26. fxg4 Qe8 27. g5 Qg6
28. gxf6 Qxf6 29. Rg1 f3 30. Rf1 Qh6+ 0-1

[Event "British Columbia-Washington m"]
[Site "Victoria CAN"]
[Date "2019.01.19"]
[Round "3.8"]
[White "Velea, Anne Marie"]
[Black "Lehingrat, Callum"]
[Result "1-0"]
[WhiteElo "2052"]
[BlackElo "2067"]
[PlyCount "47"]
[EventDate "2019.01.18"]
[EventType "team"]
[EventRounds "5"]
[EventCountry "CAN"]
[WhiteTeam "WA"]
[BlackTeam "BC"]

1. e4 c5 2. Nf3 d6 3. Bb5+ Bd7 4. Bxd7+ Qxd7 5. O-O Nf6 6. Re1 Nc6 7. c3 e6 8.
d4 cxd4 9. cxd4 d5 10. e5 Ne4 11. Nbd2 Nxd2 12. Bxd2 Be7 13. Rc1 O-O 14. Rc3 h6
15. a3 Na5 16. Rd3 Nc4 17. Bc1 b5 18. h4 a5 19. Nh2 Rfc8 20. Qh5 Bf8 21. Ng4
Qe8 22. Nxh6+ gxh6 23. Rg3+ Kh7 24. Qg4 1-0

[Event "British Columbia-Washington m"]
[Site "Victoria CAN"]
[Date "2019.01.19"]
[Round "3.9"]
[White "Shubin, Daniel"]
[Black "Cheng, Louis"]
[Result "1/2-1/2"]
[WhiteElo "2012"]
[BlackElo "2127"]
[PlyCount "100"]
[EventDate "2019.01.18"]
[EventType "team"]
[EventRounds "5"]
[EventCountry "CAN"]
[WhiteTeam "WA"]
[BlackTeam "BC"]

1. e4 c5 2. Nf3 d6 3. d4 cxd4 4. Nxd4 Nf6 5. Nc3 a6 6. Be3 e5 7. Nb3 Be6 8. Be2
Be7 9. O-O O-O 10. Kh1 Re8 11. f4 exf4 12. Bxf4 Nc6 13. Nd4 Nxd4 14. Qxd4 Rc8
15. Rad1 b5 16. a3 Bg4 17. Bxg4 Nxg4 18. h3 Bf6 19. Qxd6 Qxd6 20. Rxd6 Bxc3 21.
bxc3 Nf6 22. e5 Ne4 23. Rxa6 g5 24. Bh2 Rxc3 25. Ra7 Rf8 26. Rb7 Rxa3 27. Re1
Nc5 28. Rxb5 Rc3 29. Re2 Rc8 30. Bg1 Ne6 31. Rb2 h5 32. Bf2 R8c4 33. Be1 Nf4
34. Rd2 Kg7 35. Bf2 Ne6 36. Kh2 Re4 37. Rb6 Rcc4 38. Rb5 Rc6 39. Ba7 Rc7 40.
Bb8 Rc3 41. Rb7 g4 42. hxg4 hxg4 43. Rb1 Rce3 44. Rf1 g3+ 45. Kg1 Nf4 46. e6
Ne2+ 47. Rxe2 Rxe2 48. exf7 Rf2 49. Rxf2 gxf2+ 50. Kxf2 Rc4 1/2-1/2

[Event "British Columbia-Washington m"]
[Site "Victoria CAN"]
[Date "2019.01.19"]
[Round "3.10"]
[White "Seshadri, Sridhar"]
[Black "Tian, Sherry"]
[Result "0-1"]
[WhiteElo "1724"]
[BlackElo "2066"]
[PlyCount "140"]
[EventDate "2019.01.18"]
[EventType "team"]
[EventRounds "5"]
[EventCountry "CAN"]
[WhiteTeam "WA"]
[BlackTeam "BC"]

1. Nf3 Nf6 2. c4 e6 3. Nc3 d5 4. d4 c6 5. Bg5 Be7 6. e3 O-O 7. Be2 h6 8. Bxf6
Bxf6 9. cxd5 exd5 10. O-O Bf5 11. Bd3 Bxd3 12. Qxd3 Nd7 13. Rfe1 Nb6 14. e4
dxe4 15. Nxe4 Nd5 16. Rad1 Re8 17. Nxf6+ Qxf6 18. Re5 Rad8 19. Rde1 Nc7 20.
Rxe8+ Nxe8 21. h3 Qd6 22. Qb3 Qc7 23. Qa3 Qb6 24. Qe7 Nf6 25. Ne5 Rf8 26. b3
Qa5 27. Re2 Qa6 28. Ng4 Nd5 29. Qe5 h5 30. Nh2 Nf6 31. Re3 Qxa2 32. Nf3 Re8 33.
Qf5 Rxe3 34. fxe3 Qxb3 35. Qc8+ Kh7 36. Qf5+ Kh8 37. Qc8+ Ng8 38. Qe8 Qe6 39.
Qb8 Qxe3+ 40. Kh2 Qe7 41. Qxa7 Qc7+ 42. Kh1 Nf6 43. Qa8+ Kh7 44. Qa2 g6 45.
Ng5+ Kg7 46. Nf3 Nd5 47. Qb2 Qg3 48. Qxb7 Nf4 49. Qb2 Nd3 50. Qc3 Nf2+ 51. Kg1
Nxh3+ 52. Kh1 Nf4 53. Qb2 Nd5 54. Qe2 Qd6 55. Qe8 Ne7 56. Ne5 Qf6 57. Nd7 Qh4+
58. Kg1 Qxd4+ 59. Kh1 Qd1+ 60. Kh2 Qd6+ 61. Kh1 Nf5 62. Ne5 Qe7 63. Qb8 c5 64.
Nc6 Qe1+ 65. Kh2 c4 66. Qc7 Qh4+ 67. Kg1 Qf6 68. Ne5 Ne3 69. Kh2 Qf4+ 70. Kh3
Nf1 0-1

[Event "British Columbia-Washington m"]
[Site "Victoria CAN"]
[Date "2019.01.20"]
[Round "4.1"]
[White "Mohammed Qanee, Arpak Worya"]
[Black "Sinanan, Joshua"]
[Result "1-0"]
[WhiteElo "2218"]
[BlackElo "2283"]
[PlyCount "111"]
[EventDate "2019.01.18"]
[EventType "team"]
[EventRounds "5"]
[EventCountry "CAN"]
[WhiteTeam "BC"]
[BlackTeam "WA"]

1. e4 Nf6 2. e5 Nd5 3. d4 d6 4. Nf3 Bg4 5. Be2 e6 6. O-O Be7 7. c4 Nb6 8. exd6
cxd6 9. h3 Bh5 10. Nc3 O-O 11. b3 d5 12. c5 Bxf3 13. Bxf3 Nc8 14. b4 a6 15. a4
Nc6 16. Rb1 Bf6 17. Be3 N8e7 18. b5 axb5 19. axb5 Na5 20. b6 Nf5 21. Nb5 Nc6
22. g4 Nxe3 23. fxe3 Bg5 24. Qd3 Bh6 25. Nd6 Qb8 26. e4 Ra4 27. exd5 Rxd4 28.
dxc6 Rxd3 29. c7 Qa8 30. Ra1 Ra3 31. Bxb7 Qa4 32. Rxa3 Qxa3 33. Rxf7 Qxc5+ 34.
Kg2 Qc2+ 35. Kg3 Qd3+ 36. Kg2 Qd2+ 37. Kh1 Qxd6 38. Rxf8+ Qxf8 39. c8=Q Qxc8
40. Bxc8 Kf7 41. Kg2 Bf4 42. Kf3 Bd6 43. Ke4 Kf6 44. h4 g5 45. h5 h6 46. Kd4
Ke7 47. Kc4 Ba3 48. Kb5 e5 49. Bf5 Kd6 50. Be4 Kd7 51. Bf5+ Kd6 52. b7 Kc7 53.
Be4 Kb8 54. Kc6 Bf8 55. Kd7 Ka7 56. Kc7 1-0

[Event "British Columbia-Washington m"]
[Site "Victoria CAN"]
[Date "2019.01.20"]
[Round "4.2"]
[White "Collyer, Curt"]
[Black "Wu, Howard"]
[Result "1-0"]
[WhiteElo "2294"]
[BlackElo "2176"]
[PlyCount "117"]
[EventDate "2019.01.18"]
[EventType "team"]
[EventRounds "5"]
[EventCountry "CAN"]
[WhiteTeam "WA"]
[BlackTeam "BC"]

1. Nf3 Nf6 2. c4 g6 3. b3 Bg7 4. Bb2 d6 5. d4 O-O 6. g3 c5 7. Bg2 Qa5+ 8. Nc3
Ne4 9. Rc1 Nc6 10. O-O Nxc3 11. Bxc3 Qb6 12. d5 Nd4 13. Nd2 e5 14. dxe6 Bxe6
15. e3 Nc6 16. Ne4 Rad8 17. Nf6+ Kh8 18. f4 Nd4 19. f5 Nxf5 20. Rxf5 Bxf5 21.
g4 d5 22. Nxd5 Bxc3 23. gxf5 Be5 24. Nxb6 Rxd1+ 25. Rxd1 axb6 26. Rd7 gxf5 27.
Rxb7 Rd8 28. Bd5 Rd6 29. h3 Kg7 30. Rxf7+ Kg6 31. Re7 Bc3 32. Kf2 h6 {
Black offered a draw.} 33. Kf3 Kg5 34. Re8 Rg6 35. Bf7 Rg7 36. Be6 Rg6 37. Bc8
h5 38. Rf8 Bf6 39. Bd7 Rg7 40. Bc8 Ra7 41. Rg8+ Bg7 42. a4 Re7 43. Rd8 Be5 44.
Rd5 Kf6 45. Rd8 Kg6 46. Rf8 Bf6 47. Rg8+ Bg7 48. Rd8 Be5 49. Rd5 Kf6 50. Rd8
Kg6 51. Rd5 Kf6 52. a5 Rc7 53. Rd8 bxa5 54. Rf8+ Rf7 55. Rxf7+ Kxf7 56. Bxf5 h4
57. Ke4 Bc3 58. Kd5 Bb4 59. Kd6 {Time.} 1-0

[Event "British Columbia-Washington m"]
[Site "Victoria CAN"]
[Date "2019.01.20"]
[Round "4.3"]
[White "Vijayakumar, Advaith"]
[Black "Bremner, William"]
[Result "1-0"]
[WhiteElo "1937"]
[BlackElo "2125"]
[PlyCount "31"]
[EventDate "2019.01.18"]
[EventType "team"]
[EventRounds "5"]
[EventCountry "CAN"]
[WhiteTeam "WA"]
[BlackTeam "BC"]

1. d4 Nf6 2. c4 e6 3. Nf3 d5 4. Nc3 Be7 5. cxd5 exd5 6. Bf4 c6 7. Qc2 g6 8. Ne5
Qb6 9. O-O-O Bf5 10. Qd2 Nbd7 11. f3 Be6 12. g4 O-O-O 13. e3 Rhe8 14. Na4 Qb4
15. Qxb4 Bxb4 16. Nxc6 1-0

[Event "British Columbia-Washington m"]
[Site "Victoria CAN"]
[Date "2019.01.20"]
[Round "4.4"]
[White "MacKinnon, Keith"]
[Black "Setiadikurnia, Sloan Christopher"]
[Result "1/2-1/2"]
[WhiteElo "2279"]
[BlackElo "2101"]
[PlyCount "108"]
[EventDate "2019.01.18"]
[EventType "team"]
[EventRounds "5"]
[EventCountry "CAN"]
[WhiteTeam "BC"]
[BlackTeam "WA"]

1. e4 c5 2. Nf3 d6 3. d4 cxd4 4. Nxd4 Nf6 5. Nc3 a6 6. Be2 e6 7. O-O Be7 8. f4
Qc7 9. Kh1 Nc6 10. Be3 O-O 11. a4 Re8 12. a5 Nxa5 13. e5 dxe5 14. fxe5 Nd5 15.
Nxe6 fxe6 16. Nxd5 exd5 17. Qxd5+ Kh8 18. Bh5 Rd8 19. Qxa5 Qxa5 20. Rxa5 Be6
21. Rd1 g6 22. Bf3 Kg7 23. Raa1 Rxd1+ 24. Rxd1 Rc8 25. c3 Rc7 26. Bb6 Rc8 27.
g3 Bc5 28. Bd8 Kf8 29. Bg5 Rb8 30. Rd8+ Rxd8 31. Bxd8 b6 32. Bc6 Bh3 33. Bd5
Ke8 34. Bg5 Kd7 35. b3 Be6 36. c4 Bd4 37. Bf6 b5 38. Kg2 bxc4 39. Bxc4 Bxc4 40.
e6+ Kxe6 41. Bxd4 Bxb3 42. Bb6 h5 43. Kf3 Kd5 44. Kf4 Bc2 45. Bd8 Kc6 46. g4
hxg4 47. Kxg4 Bd1+ 48. Kf4 Kb5 49. Ke3 Kb4 50. Kd2 Bg4 51. Kc2 a5 52. Kb2 a4
53. Be7+ Kc4 54. Bd6 Kd5 1/2-1/2

[Event "British Columbia-Washington m"]
[Site "Victoria CAN"]
[Date "2019.01.20"]
[Round "4.5"]
[White "Blaha, Jiri"]
[Black "Velea, Anne Marie"]
[Result "1/2-1/2"]
[WhiteElo "2154"]
[BlackElo "2052"]
[PlyCount "80"]
[EventDate "2019.01.18"]
[EventType "team"]
[EventRounds "5"]
[EventCountry "CAN"]
[WhiteTeam "BC"]
[BlackTeam "WA"]

1. e4 c5 2. Nc3 Nc6 3. f4 g6 4. Nf3 Bg7 5. Bb5 Nd4 6. O-O a6 7. Bc4 e6 8. d3
Ne7 9. Nxd4 Bxd4+ 10. Kh1 d5 11. Bb3 Bg7 12. f5 exf5 13. Nxd5 Nxd5 14. Bxd5 O-O
15. Qf3 fxe4 16. dxe4 Qe7 17. Qb3 Be6 18. Bf4 b5 19. c3 Rad8 20. Rad1 Rd7 21.
Qa3 b4 22. Qb3 Rfd8 23. c4 Ra7 24. Rd2 a5 25. Qg3 h6 26. Rfd1 Rad7 27. h3 Kh7
28. Be3 Re8 29. Bf2 Red8 30. b3 Bc3 31. Rc2 Bg7 32. Qf3 Be5 33. Rcd2 Bc3 34.
Rd3 Be5 35. Be3 Bg7 36. Qf2 Rc7 37. Qd2 Rcd7 38. Qf2 Rc7 39. Qd2 Rcd7 40. Qf2
Rc7 1/2-1/2

[Event "British Columbia-Washington m"]
[Site "Victoria CAN"]
[Date "2019.01.20"]
[Round "4.6"]
[White "Velea, Stephanie"]
[Black "Sohal, Tanraj"]
[Result "1/2-1/2"]
[WhiteElo "1710"]
[BlackElo "2387"]
[PlyCount "128"]
[EventDate "2019.01.18"]
[EventType "team"]
[EventRounds "5"]
[EventCountry "CAN"]
[WhiteTeam "WA"]
[BlackTeam "BC"]

1. e4 c5 2. Nf3 e6 3. g3 Nc6 4. Bg2 Nf6 5. Qe2 e5 6. O-O d6 7. Na3 Be7 8. c3
Bg4 9. h3 Bh5 10. g4 Bg6 11. Nh4 O-O 12. d3 Ne8 13. Nf5 Nc7 14. f4 Bxf5 15.
exf5 exf4 16. Bxf4 Bg5 17. Qd2 Bxf4 18. Qxf4 f6 19. Rae1 d5 20. Nc2 Ne5 21. Qg3
Qd7 22. d4 cxd4 23. cxd4 Nc6 24. Re2 Rad8 25. Rfe1 Qd6 26. Qxd6 Rxd6 27. Kf2 g6
28. Ke3 Re8+ 29. Kf4 Rxe2 30. Rxe2 Kf7 31. h4 Rd8 32. Bf3 Rg8 33. Rg2 Re8 34.
Re2 Rd8 35. Rg2 Nb5 36. Rd2 a6 37. Ke3 Ke7 38. Kf4 Kd6 39. a4 Nc7 40. b4 Rc8
41. Re2 Ne7 42. Ne3 Rg8 43. Nc2 b6 44. Rg2 Rc8 45. Na3 b5 46. a5 Kd7 47. Re2
Ne8 48. Rc2 Nc7 49. Re2 Rg8 50. Nc2 Nc6 51. Rg2 Kd6 52. Re2 Rc8 53. Rg2 Ne7 54.
Ne3 Rg8 55. Nc2 h6 56. Re2 g5+ 57. hxg5 hxg5+ 58. Kg3 Rh8 59. Rh2 Rxh2 60. Kxh2
Nc6 61. Kg2 Ne8 62. Kf2 Nc7 63. Ke3 Ne8 64. Kd2 Nc7 1/2-1/2

[Event "British Columbia-Washington m"]
[Site "Victoria CAN"]
[Date "2019.01.20"]
[Round "4.7"]
[White "Tian, Sherry"]
[Black "Shubin, Daniel"]
[Result "1/2-1/2"]
[WhiteElo "2066"]
[BlackElo "2012"]
[PlyCount "142"]
[EventDate "2019.01.18"]
[EventType "team"]
[EventRounds "5"]
[EventCountry "CAN"]
[WhiteTeam "BC"]
[BlackTeam "WA"]

1. d4 d5 2. c4 e6 3. Nc3 Nf6 4. cxd5 exd5 5. Bg5 Be7 6. e3 O-O 7. Qc2 c6 8. Bd3
Nbd7 9. Nf3 Re8 10. O-O Nf8 11. h3 g6 12. Rab1 Ne6 13. Bxf6 Bxf6 14. b4 b5 15.
Ne2 Bb7 16. Nc1 a5 17. a4 bxa4 18. bxa5 Qc7 19. Qxa4 Rxa5 20. Qb4 Ba6 21. Bxa6
Rxa6 22. Nd3 Rea8 23. Rfc1 Ra3 24. Nc5 Nxc5 25. Qxc5 R8a6 26. Qxd5 Ra1 27. Qe4
Rxb1 28. Qxb1 Kg7 29. g3 Qa7 30. Qe4 Qa8 31. Kg2 h6 32. Ne1 Rb6 33. Rc5 Qa1 34.
Nd3 Qd1 35. Rc1 Qd2 36. Rf1 Qa2 37. Nc5 Rb2 38. Qxc6 Bg5 39. Qf3 Re2 40. Kg1
Be7 41. Nd3 Rc2 42. Ne5 Bd6 43. Nd3 Qb3 44. Qd1 Qa2 45. Qb1 Qa4 46. Qb7 Qc4 47.
Rd1 Qe6 48. Qg2 Qb3 49. Qf1 Qb8 50. Ne1 Ra2 51. Qc4 Qb2 52. Qf1 Bxg3 53. Nd3
Qb8 54. Qg2 Bh4 55. Rf1 Bg5 56. Qd5 Qa7 57. Ne5 Bf6 58. Ng4 Ra5 59. Qe4 Be7 60.
Rb1 f5 61. Qe6 fxg4 62. hxg4 Ra1 63. Rxa1 Qxa1+ 64. Kg2 Qa3 65. e4 Qd6 66. Qc4
Bf6 67. e5 Bxe5 68. dxe5 Qxe5 69. Qc6 Qe7 70. Kh3 Kh7 71. Qd5 Qc7 1/2-1/2

[Event "British Columbia-Washington m"]
[Site "Victoria CAN"]
[Date "2019.01.20"]
[Round "4.8"]
[White "Velea, Sophie"]
[Black "Kenney, Jason"]
[Result "0-1"]
[WhiteElo "1824"]
[BlackElo "2271"]
[PlyCount "56"]
[EventDate "2019.01.18"]
[EventType "team"]
[EventRounds "5"]
[EventCountry "CAN"]
[WhiteTeam "WA"]
[BlackTeam "BC"]

1. e4 c6 2. d4 d5 3. exd5 cxd5 4. Bd3 Nc6 5. c3 Qc7 6. Ne2 Bg4 7. f3 Bd7 8. Bf4
e5 9. dxe5 Nxe5 10. Bxe5 Qxe5 11. O-O Bd6 12. f4 Qe3+ 13. Kh1 Nf6 14. Rf3 Qb6
15. Qc2 O-O-O 16. b4 Ne4 17. Bxe4 dxe4 18. Rf1 Kb8 19. a3 f5 20. c4 Bc7 21.
Nbc3 Be6 22. Na4 Qe3 23. Nc5 Rd2 24. Qa4 Qxe2 25. Rg1 Bxc4 26. Rae1 Qg4 27. b5
Qxf4 28. Qxc4 Qxh2# 0-1

[Event "British Columbia-Washington m"]
[Site "Victoria CAN"]
[Date "2019.01.20"]
[Round "4.9"]
[White "Lehingrat, Callum"]
[Black "Abramson, Dan"]
[Result "0-1"]
[WhiteElo "2067"]
[BlackElo "2151"]
[PlyCount "124"]
[EventDate "2019.01.18"]
[EventType "team"]
[EventRounds "5"]
[EventCountry "CAN"]
[WhiteTeam "BC"]
[BlackTeam "WA"]

1. d4 Nf6 2. c4 e6 3. g3 c5 4. Nf3 cxd4 5. Nxd4 d5 6. Bg2 Be7 7. Nc3 e5 8. Nb3
dxc4 9. Qxd8+ Bxd8 10. Nd2 Nc6 11. Nxc4 O-O 12. O-O Be6 13. Nd6 Rb8 14. Nxb7
Nd4 15. e3 Nc2 16. Rb1 Be7 17. Rd1 Rfc8 18. Bd2 Bg4 19. Rdc1 Nb4 20. a3 Nd3 21.
Rf1 Rc7 22. Na5 Rxb2 23. Rxb2 Nxb2 24. Rb1 Bxa3 25. Nb5 Rc2 26. Bc3 Nd3 27.
Nxa3 Rxc3 28. Rb8+ Rc8 29. Rxc8+ Bxc8 30. Nc6 Bd7 31. Nxa7 Ng4 32. Nc4 Ngxf2
33. Nxe5 Nxe5 34. Kxf2 Ng4+ 35. Kg1 Nxe3 36. Bf3 g6 37. Nc6 Bxc6 38. Bxc6 Kg7
39. h3 h5 40. Kf2 Nc4 41. Bd5 Ne5 42. Ke3 f6 43. Be6 Kf8 44. Kf4 Ke7 45. Bb3
Nd3+ 46. Ke3 Nc5 47. Bc2 Kf7 48. Kf3 Ne6 49. Bb1 Nd4+ 50. Ke3 Nc6 51. Kf4 g5+
52. Ke3 Ne7 53. Be4 f5 54. Bf3 Kg6 55. Kd4 h4 56. gxh4 gxh4 57. Ke5 Kg5 58. Bd1
Ng6+ 59. Kd4 Kf4 60. Bc2 Ne5 61. Kd5 Nf3 62. Ke6 Nd4+ 0-1